000 00740nam a2200253Ia 4500
003 OSt
005 20220924115222.0
006 a|||||r|||| 00| 0
007 ta
008 220923b |||||||| |||| 00| 0 urd d
020 _a9789380919836 (hbk)
020 _c2000
024 _a284781
037 _b4315, 19/11/2014, Kitabi Duniya
_cTextual
040 _aARTS
_cARTS
_burd
041 _2urd
_aurd
082 _aO168,1N56x, Q4
100 _aShere Parveen
_9177249
245 0 _aChand seepiyan samunder se
260 _aDelhi
_bAll India Urdu Manch India
_c2014
650 _aURDU POETRY
942 _hO168,1N56x, Q4
_cTEXL
_2CC
999 _c397296
_d397296